000 00420nam a2200121Ia 4500
008 130320s9999 xx 000 0 und d
100 _aVenma Satheesh Babu
245 _aCOM for printer control and asset management system OF NeST
502 _bPGDIT
_c2004- 2005
_dINT
_eElizabeth Sherly
_fUnni Sankar (NeST)
_gNeST, Thiruvananthapuram
650 _aASSET MANAGEMENT SYSTEM
650 _aPRINTER CONTROL
650 _aASP.NET
999 _c2631
_d2631